SAS enciklopédia [a világ elit ezredének leghitelsebb kézikönyve]

Bibliographic Details
Main Author: Crawford, Steve (Author)
Other Authors: Dorottya, D. Németh (Translator)
Format: Book
Language:Hungarian
PhysicalDescription:288 s. fotogr. 25 cm
Published: Budapest Zagora 2000
ISBN:9630030497
Subjects:

MARC

LEADER 00000nam a2200000 a 4500
001 vtls001428386
003 SK-MaSNL
005 20260302001821.0
008 240318s2000 hu a r hun
020 |a 9630030497 
035 |a SNK000383383 
035 |a urn:nbn:sk:snk-amk53s 
035 |a urn:nbn:sk:snk-am004zkm 
035 |a 5B73EDE2-4BC5-4427-B890-080FE7F9FB53 
040 |a SNK  |b slo  |c SNK  |e AACR2 
041 0 |a hun 
044 |a hu  |c HU 
080 |a 061.2:629.73(420)"1941/1991"  |2 1981 
080 |a 629.73(420)"1941/1991"  |2 1981 
100 1 |a Crawford, Steve  |4 aut  |9 310902 
245 1 0 |a SAS enciklopédia  |b [a világ elit ezredének leghitelsebb kézikönyve]  |c Steve Crawford ; [fordította: D. Német Dorottya] 
260 |a Budapest  |b Zagora  |c 2000  |e [Martin  |f Neografia] 
300 |a 288 s.  |b fotogr.  |c 25 cm 
500 |a Údaj o prekl. prevzatý z rubu tit. strany 
610 2 7 |a Britská špeciálna letecká služba  |y 1941-1991  |2 SNK  |9 638312 
700 1 |a Dorottya, D. Németh  |4 trl  |9 638313 
919 |a 963-0030-49-7 
999 |c 985458  |d 987388 
952 |t P60, <03>, [BOOK], {603}  |a SNK  |b SNK  |y PREZ  |7 0  |p 17A0331294  |o snkSC 107187  |i snkKSP 1549/2002  |0 0  |1 0  |4 0  |d 2002-02-01  |f 1  |l 0  |r 2025-09-26 00:00:00  |w 2026-02-24